Khảo sát sự đa dạng sinh học thực vật của các hệ thống canh tác tại huyện An Minh, tỉnh Kiên Giang : Luận văn thạc sĩ. Ngành sinh thái học

Luận văn nghiên cứu về khảo sát sự đa dạng thực vật của các HTCT tại An Minh như lúa mùa, lúa cao sản, vuông tôm và rừng tràm (đối chứng) và đánh giá mối quan hệ giữa hiệu quả kinh tế với đa dạng thực vật....

Cijeli opis

Spremljeno u:
Bibliografski detalji
Glavni autor: Châu, Hoàng Hải
Format: Knjiga
Jezik:Undetermined
Izdano: Cần Thơ Đại học Cần Thơ 2014
Teme:
Oznake: Dodaj oznaku
Bez oznaka, Budi prvi tko označuje ovaj zapis!
Thư viện lưu trữ: Trung tâm Học liệu Trường Đại học Cần Thơ
LEADER 01144nam a2200217Ia 4500
001 CTU_186503
008 210402s9999 xx 000 0 und d
082 |a 333.953 
082 |b H103 
088 |a 60420120 
100 |a Châu, Hoàng Hải 
245 0 |a Khảo sát sự đa dạng sinh học thực vật của các hệ thống canh tác tại huyện An Minh, tỉnh Kiên Giang : 
245 0 |b Luận văn thạc sĩ. Ngành sinh thái học 
245 0 |c Châu Hoàng Hải ; Lê Thanh Phong (người hướng dẫn) 
260 |a Cần Thơ 
260 |b Đại học Cần Thơ 
260 |c 2014 
520 |a Luận văn nghiên cứu về khảo sát sự đa dạng thực vật của các HTCT tại An Minh như lúa mùa, lúa cao sản, vuông tôm và rừng tràm (đối chứng) và đánh giá mối quan hệ giữa hiệu quả kinh tế với đa dạng thực vật. 
650 |a Đa dạng sinh học,Biodiversity 
904 |i Nguyễn Thị Thảo Trinh 
980 |a Trung tâm Học liệu Trường Đại học Cần Thơ